[Event "AUTO-MASTER-3214"]
[Site "http://www.queenalice.com/game.php?id=1846206"]
[Date "2024.10.26"]
[Round "2"]
[White "jogador58"]
[Black "tariann"]
[Result "0-1"]
[WhiteElo "2111"]
[BlackElo "2295"]

1. e4 e5 2. Nf3 Nc6 3. Bb5 Nf6 4. d3 d6 5. c3 Be7 6. h3 O-O 7. O-O h6 8. Re1 Re8
9. Nbd2 Bd7 10. Nf1 Bf8 0-1

[Event "AUTO-MASTER-3214"]
[Site "http://www.queenalice.com/game.php?id=1846207"]
[Date "2024.10.26"]
[Round "2"]
[White "tariann"]
[Black "cerenzo72"]
[Result "1-0"]
[WhiteElo "2277"]
[BlackElo "2109"]

1. e4 e5 2. Nf3 d6 3. d4 exd4 4. Qxd4 Nc6 5. Bb5 Bd7 6. Bxc6 Bxc6 7. Nc3 Nf6 8.
O-O Be7 9. Re1 O-O 10. Bg5 Qd7 11. Rad1 a6 12. e5 Bxf3 13. exf6 gxf6 14. gxf3
fxg5 15. Nd5 Rae8 16. Rxe7 Rxe7 17. Nf6+ 1-0

[Event "AUTO-MASTER-3214"]
[Site "http://www.queenalice.com/game.php?id=1846208"]
[Date "2024.10.26"]
[Round "2"]
[White "cerenzo72"]
[Black "tariann"]
[Result "0-1"]
[WhiteElo "2079"]
[BlackElo "2289"]

1. e4 e5 2. Nf3 Nc6 3. Bb5 Nf6 4. O-O d6 5. d4 exd4 6. Nxd4 Bd7 7. Nxc6 bxc6 8.
Ba4 Be7 9. Nc3 O-O 10. b4 Re8 11. Bb2 Bf8 12. Qd3 Qe7 13. Rfe1 d5 14. Qd4 Qxb4
15. Qxb4 Bxb4 16. Red1 Bxc3 17. Bxc3 Nxe4 18. Bd4 Rab8 19. f3 Ng5 20. Re1 Rb4
21. Rxe8+ Bxe8 22. Re1 Ne6 23. Bb3 Rxd4 0-1

[Event "AUTO-ELITE-2561"]
[Site "http://www.queenalice.com/game.php?id=1847527"]
[Date "2024.11.20"]
[Round "1"]
[White "tariann"]
[Black "trompmaster"]
[Result "0-1"]
[WhiteElo "2292"]
[BlackElo "2404"]

1. e4 d6 2. d4 Nf6 3. Nc3 Nbd7 4. Nf3 e5 5. Bc4 h6 6. O-O Be7 7. Re1 c6 8. h3 b5
9. Bb3 O-O 10. d5 b4 11. dxc6 bxc3 12. cxd7 Nxd7 13. bxc3 Bb7 14. Bd5 Bxd5 15.
Qxd5 Rc8 16. Ba3 Qc7 17. Rab1 Nb6 18. Qd1 Na4 19. Bb2 Rb8 20. Ba1 Rxb1 21. Qxb1
Rb8 22. Qc1 Nxc3 23. Bxc3 Qxc3 24. Re3 Qc6 25. Ra3 Qxe4 26. Rxa7 Bf6 27. Ra6 Be7
28. Ra7 Bf6 29. Ra6 d5 30. a4 Qc4 31. Rd6 e4 32. Nd2 Qc5 33. Ra6 Bd4 0-1

[Event "AUTO-ELITE-2561"]
[Site "http://www.queenalice.com/game.php?id=1847528"]
[Date "2024.11.20"]
[Round "1"]
[White "trompmaster"]
[Black "tariann"]
[Result "1-0"]
[WhiteElo "2406"]
[BlackElo "2312"]

1. d4 d5 2. Nf3 e6 3. e3 Nf6 4. Bd3 c5 5. b3 Nc6 6. O-O Bd6 7. Bb2 O-O 8. dxc5
Bxc5 9. a3 Re8 10. c4 dxc4 11. Bxc4 Qe7 12. Qc2 e5 13. Ng5 Rf8 14. Rc1 Bb6 15.
Nc3 h6 16. Nd5 Nxd5 17. Qh7# 1-0

[Event "AUTO-ELITE-2561"]
[Site "http://www.queenalice.com/game.php?id=1847529"]
[Date "2024.11.20"]
[Round "1"]
[White "tariann"]
[Black "GUZONJA1984"]
[Result "0-1"]
[WhiteElo "2276"]
[BlackElo "2265"]

1. e4 c5 2. Nf3 d6 3. d4 cxd4 4. Nxd4 Nf6 5. Nc3 a6 6. Be3 e5 7. Nb3 Be6 8. Be2
Be7 9. O-O O-O 10. Qd2 Nbd7 11. Rfd1 Rc8 12. h3 Qc7 13. Rac1 Nb6 14. Bf1 h6 15.
f3 d5 16. exd5 Nfxd5 17. Nxd5 Nxd5 0-1

[Event "AUTO-OPEN-4539"]
[Site "http://www.queenalice.com/game.php?id=1847775"]
[Date "2024.11.26"]
[Round "2"]
[White "AranchiA12"]
[Black "tariann"]
[Result "0-1"]
[WhiteElo "1901"]
[BlackElo "2292"]

1. e4 e5 2. Nc3 Nf6 3. Nf3 Nc6 4. d4 exd4 5. Nxd4 d6 6. Bc4 Be7 7. O-O O-O 8. b3
Ne5 9. Bb2 Nxc4 10. bxc4 Re8 11. Qd2 Bf8 12. Rae1 Ng4 13. Ba1 Ne5 14. c5 dxc5
15. Nb3 Be6 16. Rd1 Qh4 17. Qe3 Bd6 18. Qg3 Qxg3 19. hxg3 Bg4 20. f3 Bd7 21. Nd5
Nc4 22. Nc1 Bc6 23. Ne2 Bxd5 24. Rfe1 Bc6 25. g4 Be5 26. Bxe5 Nxe5 27. Kf2 Rad8
0-1

[Event "AUTO-OPEN-4539"]
[Site "http://www.queenalice.com/game.php?id=1847776"]
[Date "2024.11.26"]
[Round "2"]
[White "tariann"]
[Black "AranchiA12"]
[Result "1-0"]
[WhiteElo "2283"]
[BlackElo "1921"]

1. e4 c5 2. Nf3 d6 3. d4 Nc6 4. dxc5 Qa5+ 5. Nc3 Qxc5 6. Be2 Nf6 7. O-O e6 8.
Be3 Qb4 9. Nb5 Kd7 10. e5 Ne8 11. Ng5 d5 12. c4 Nxe5 13. cxd5 exd5 14. Qxd5+ Bd6
15. a3 Qxb2 16. Nxd6 Nxd6 17. Rfd1 Qxe2 18. Qxd6+ Ke8 19. Qd8# 1-0

[Event "AUTO-OPEN-4539"]
[Site "http://www.queenalice.com/game.php?id=1847780"]
[Date "2024.11.26"]
[Round "2"]
[White "tariann"]
[Black "GUZONJA1984"]
[Result "0-1"]
[WhiteElo "2274"]
[BlackElo "2281"]

1. e4 c5 2. Nf3 d6 3. d4 cxd4 4. Nxd4 Nf6 5. Nc3 a6 6. Be2 e5 7. Nb3 Be7 8. O-O
Be6 9. Be3 O-O 10. Qd2 Nbd7 11. h3 Nb6 12. Rfd1 Qc7 13. f4 h6 14. f5 Nc4 15.
Bxc4 Bxc4 16. Bf2 b5 17. Bh4 b4 18. Bxf6 bxc3 0-1

[Event "AUTO-MASTER-3245"]
[Site "http://www.queenalice.com/game.php?id=1849483"]
[Date "2024.12.29"]
[Round "1"]
[White "tariann"]
[Black "pizzaiolo72"]
[Result "0-1"]
[WhiteElo "2294"]
[BlackElo "2106"]

1. e4 Nf6 2. e5 Nd5 3. d4 d6 4. c4 Nb6 5. exd6 exd6 6. Nc3 Nc6 7. Nf3 Be7 8. Bd3
Bg4 9. O-O O-O 10. Re1 Bf6 11. Ne4 Nxd4 12. Nxf6+ Qxf6 13. Bxh7+ Kh8 14. Be4
Nxf3+ 15. Bxf3 Bxf3 16. gxf3 Nxc4 17. Qd5 Ne5 18. f4 Qg6+ 19. Kh1 Nc6 20. Bd2
Rae8 21. Rg1 Qe6 22. Qh5+ Qh6 23. Qxh6+ gxh6 24. Bc3+ f6 25. Rg6 Kh7 26. Rag1
Ne7 27. Rxf6 Rxf6 28. Bxf6 Nf5 29. Rd1 Kg6 30. Bc3 Re2 31. Kg1 c6 32. Re1 Rxe1+
33. Bxe1 Nh4 34. Bb4 d5 35. Bd6 Kf5 36. Bc7 Ng6 37. Bb8 a6 38. Bd6 b5 39. Kg2
Nxf4+ 40. Kf3 Nd3 41. Bf8 h5 42. Bg7 c5 43. Ke3 Ne5 44. h3 Nc4+ 45. Ke2 Kf4 46.
Bf8 Nxb2 47. Bxc5 Nc4 48. Kd3 Kf3 49. h4 Kg4 50. Be7 Ne5+ 51. Kd4 Nc6+ 0-1

[Event "AUTO-MASTER-3245"]
[Site "http://www.queenalice.com/game.php?id=1849484"]
[Date "2024.12.29"]
[Round "1"]
[White "pizzaiolo72"]
[Black "tariann"]
[Result "0-1"]
[WhiteElo "2079"]
[BlackElo "2284"]

1. e4 e5 2. Nf3 Nc6 3. Bb5 Nf6 4. O-O d6 5. Nc3 Be7 6. d4 exd4 7. Nxd4 Bd7 8.
Nxc6 Bxc6 9. Bxc6+ bxc6 10. Bg5 O-O 11. Qf3 h6 12. Bh4 Rb8 13. b3 Nd7 14. Bxe7
Qxe7 15. Rfe1 Ne5 16. Qg3 Rfe8 17. h3 Qe6 18. Rad1 Ng6 19. Ne2 Qxe4 20. Nd4 Qd5
21. Rxe8+ Rxe8 22. c4 Qe4 23. f3 Qe3+ 24. Kh2 a6 25. Nxc6 Qe2 26. a4 Qxd1 0-1

[Event "AUTO-MASTER-3252"]
[Site "http://www.queenalice.com/game.php?id=1851941"]
[Date "2025.2.11"]
[Round "1"]
[White "tariann"]
[Black "pizzaiolo72"]
[Result "1-0"]
[WhiteElo "2284"]
[BlackElo "2130"]

1. e4 c5 2. Nf3 Nc6 3. d4 cxd4 4. Nxd4 Nf6 5. Nc3 e6 6. Ndb5 a6 7. Nd6+ Bxd6 8.
Qxd6 Qe7 9. Bf4 Qxd6 10. Bxd6 Nd4 11. O-O-O Nb5 12. Bxb5 axb5 13. Kb1 Ra5 14. h3
h5 15. e5 Nd5 16. Nxd5 exd5 17. Rxd5 b6 18. b4 Bb7 19. bxa5 Bxd5 20. axb6 Rh6
21. Rd1 Bxg2 22. Rg1 Bd5 23. Rxg7 f5 24. Kb2 Rh8 25. Kc3 Kd8 26. Kb4 Kc8 27. a3
Bc6 28. Rf7 Be4 29. c3 Kb7 30. e6 1-0

[Event "AUTO-MASTER-3252"]
[Site "http://www.queenalice.com/game.php?id=1851942"]
[Date "2025.2.11"]
[Round "1"]
[White "pizzaiolo72"]
[Black "tariann"]
[Result "0-1"]
[WhiteElo "2138"]
[BlackElo "2276"]

1. e4 e5 2. Nf3 Nc6 3. Bb5 Nf6 4. O-O d6 5. d4 exd4 6. Re1 Be7 7. Nxd4 Bd7 8.
Nc3 O-O 9. a3 Ne5 10. f4 Ng6 11. Bxd7 Qxd7 12. Be3 Rad8 13. f5 Ne5 14. Bg5 Ne8
15. Qh5 Bxg5 16. Qxg5 Nf6 17. Re3 h6 18. Qh4 Rfe8 19. Nd5 Nxd5 20. exd5 Qe7 21.
Qh5 Qf6 22. c3 Nc4 23. Rxe8+ Rxe8 24. b3 Nb6 25. c4 Qe5 26. Nf3 Qe3+ 27. Kf1
Qxb3 0-1

[Event "AUTO-MASTER-3252"]
[Site "http://www.queenalice.com/game.php?id=1851943"]
[Date "2025.2.11"]
[Round "1"]
[White "tariann"]
[Black "checkers4me"]
[Result "0-1"]
[WhiteElo "2262"]
[BlackElo "2355"]

1. e4 e5 2. Nf3 Nc6 3. Bb5 Nf6 4. O-O Be7 5. Re1 d6 6. c3 Bd7 7. d4 O-O 8. h3
Nxd4 9. Nxd4 exd4 10. Bxd7 Nxd7 11. cxd4 c5 12. Nc3 Bf6 13. dxc5 Bxc3 14. bxc3
Nxc5 15. Bf4 Re8 16. Qd5 Re6 17. Rad1 Qe8 18. f3 b6 19. Rd4 Rc8 20. Red1 h6 21.
Bxd6 Na4 22. Rc4 Rxc4 23. Qxc4 Nb2 24. Qd4 Nxd1 25. Qxd1 Qd8 0-1

[Event "AUTO-MASTER-3252"]
[Site "http://www.queenalice.com/game.php?id=1851944"]
[Date "2025.2.11"]
[Round "1"]
[White "checkers4me"]
[Black "tariann"]
[Result "1-0"]
[WhiteElo "2327"]
[BlackElo "2294"]

1. d4 d5 2. c4 e6 3. Nc3 Nf6 4. Nf3 c5 5. Bg5 Be7 6. dxc5 Qa5 7. cxd5 Nxd5 8.
Bxe7 Nxc3 9. Qd2 Nc6 10. Bh4 Nd5 11. Qxa5 Nxa5 12. e4 Nc7 13. b4 Nc6 14. b5 Ne7
15. Bg3 1-0

[Event "AUTO-MASTER-3252"]
[Site "http://www.queenalice.com/game.php?id=1851945"]
[Date "2025.2.11"]
[Round "1"]
[White "tariann"]
[Black "Canaye14"]
[Result "1-0"]
[WhiteElo "2291"]
[BlackElo "1886"]

1. e4 e6 2. d4 d5 3. Nc3 dxe4 4. Nxe4 Nd7 5. Nf3 Ngf6 6. Nxf6+ Nxf6 7. Bg5 Be7
8. Bd3 O-O 9. O-O Nd5 10. Bxe7 Qxe7 11. Re1 c5 12. c4 Nb6 13. d5 Qf6 14. Qe2 Re8
15. Rad1 Bd7 16. Qc2 h6 17. d6 Rad8 18. Be4 Rb8 19. Ne5 Rbc8 20. Bxb7 Rb8 21.
Bc6 Red8 22. b3 Rbc8 23. Qe4 Qf5 24. Qxf5 exf5 25. Bxd7 Nxd7 26. f4 f6 27. Ng6
Kh7 28. Ne7 Rb8 29. Nc6 Nf8 30. Nxb8 Rxb8 31. Re7 a5 32. Ra7 Rd8 33. Rxa5 Ne6
34. g3 g5 35. Ra7+ Kg6 36. Re7 Nd4 37. d7 Nc6 38. Re8 Kf7 39. Rxd8 Nxd8 40. Rd5
Ke7 41. Rxc5 Kxd7 42. Rd5+ Kc7 43. Rxd8 Kxd8 44. Kf2 g4 45. Ke3 Kd7 46. Kd4 Kc6
47. b4 h5 48. a4 Kd6 49. a5 Kc6 50. b5+ Kc7 51. Kd5 Kd7 52. a6 1-0

[Event "AUTO-MASTER-3252"]
[Site "http://www.queenalice.com/game.php?id=1851946"]
[Date "2025.2.11"]
[Round "1"]
[White "Canaye14"]
[Black "tariann"]
[Result "0-1"]
[WhiteElo "1884"]
[BlackElo "2293"]

1. d4 d5 2. Bf4 e6 3. Nf3 Nf6 4. e3 c5 5. c3 Nc6 6. Bd3 cxd4 7. exd4 Bd6 8. Ne5
O-O 9. O-O Bxe5 10. Bxe5 Nxe5 11. dxe5 Nd7 12. f4 Qb6+ 13. Kh1 Qxb2 14. Qc2 Qxc2
15. Bxc2 Nb6 16. Nd2 Bd7 17. Rf3 Rac8 18. Rh3 g6 19. Rc1 Nc4 20. Nf3 Kg7 21. Nd4
Rc7 22. Bb3 Rfc8 23. Nf3 h6 24. Nd4 Nd2 25. Rc2 Ne4 26. Kg1 Rxc3 27. Rcxc3 Rxc3
28. Rxc3 Nxc3 29. Kf1 Bb5+ 30. Nxb5 Nxb5 31. Kf2 g5 32. g3 Nd4 33. Bd1 gxf4 34.
gxf4 Kg6 35. Kg3 b5 36. Kf2 a5 37. Ke3 Nc6 38. Be2 b4 39. Bb5 Ne7 40. Bd3+ Nf5+
41. Kd2 f6 42. Ba6 fxe5 43. fxe5 Kg5 44. Bc8 Ng7 45. Ba6 Kf5 46. Ke3 Kxe5 47.
Bd3 Nf5+ 48. Kf3 Nd6 49. Ke3 Nc4+ 50. Ke2 Kd4 51. Bg6 a4 52. h3 e5 53. Bb1 b3
54. axb3 axb3 55. Bh7 b2 56. Bb1 Na3 57. Ba2 b1=Q 58. Bxb1 Nxb1 59. Kd1 Nc3+ 60.
Kd2 e4 61. h4 e3+ 62. Ke1 Kd3 0-1

[Event "AUTO-MASTER-3228"]
[Site "http://www.queenalice.com/game.php?id=1852286"]
[Date "2025.2.16"]
[Round "2"]
[White "Takeda"]
[Black "tariann"]
[Result "0-1"]
[WhiteElo "2038"]
[BlackElo "2244"]

1. e4 e5 2. Nf3 Nc6 3. Bb5 Nf6 4. O-O d6 5. h3 Be7 6. Nc3 O-O 7. d3 Re8 8. Nd5
Bd7 9. Nxe7+ Qxe7 10. Bg5 h6 11. Bh4 Rad8 12. Qe2 Qe6 13. Bc4 Qe7 14. a3 Be6 15.
Bb5 a6 16. Bxc6 bxc6 17. c3 Bc8 18. Bg3 Nh7 19. Bh4 Ng5 20. Nxg5 hxg5 21. Bg3 d5
22. exd5 cxd5 23. Rfe1 e4 24. Qh5 Bf5 25. h4 Bg6 26. Qg4 c5 27. Rad1 Qb7 28.
dxe4 dxe4 29. Rxd8 Rxd8 30. Qxg5 Rd5 31. Qc1 c4 32. Re2 Qd7 33. Qe3 Rd3 34. Qc5
Rd1+ 35. Kh2 Qd3 36. Re3 Qf1 37. Kh3 f5 38. Qe5 Rd3 39. Qe6+ Kh7 40. Qxc4 Bh5
41. Qxa6 Qh1+ 42. Bh2 Qd1 43. Bg3 Qg4+ 44. Kh2 Rd2 45. Qe6 Bg6 46. b4 Rd1 47.
Qc4 f4 48. Re2 fxg3+ 49. fxg3 Qf5 50. b5 Qf1 51. Kh3 Rd2 52. h5 Bf5+ 53. g4
Bxg4+ 0-1

[Event "AUTO-MASTER-3228"]
[Site "http://www.queenalice.com/game.php?id=1852287"]
[Date "2025.2.16"]
[Round "2"]
[White "tariann"]
[Black "Takeda"]
[Result "1-0"]
[WhiteElo "2283"]
[BlackElo "2085"]

1. e4 g6 2. d4 Bg7 3. Nf3 d6 4. Bc4 Nf6 5. Nc3 O-O 6. O-O Bg4 7. Re1 Nbd7 8. Be3
c5 9. h3 Bh5 10. g4 Nxg4 11. hxg4 Bxg4 12. Be2 Bxf3 13. Bxf3 Rc8 14. Qd2 cxd4
15. Bxd4 Bxd4 16. Qxd4 Ne5 17. Bg2 Qb6 18. Qxb6 axb6 19. Nd5 Rxc2 20. Nxe7+ Kg7
21. b3 Nd3 22. Red1 Nxf2 23. Rxd6 Nxe4 24. Bxe4 Re2 25. Rd4 Re8 26. Kf1 Re3 27.
Kf2 Rxe7 28. Kxe3 f5 29. Rad1 1-0

[Event "AUTO-MASTER-3222"]
[Site "http://www.queenalice.com/game.php?id=1853451"]
[Date "2025.3.7"]
[Round "2"]
[White "tariann"]
[Black "CCapivara"]
[Result "0-1"]
[WhiteElo "2289"]
[BlackElo "2201"]

1. e4 d6 2. d4 Nf6 3. Nc3 c6 4. Nf3 Bg4 5. Be2 Nbd7 6. O-O e5 7. Bg5 Be7 8. Qd2
O-O 9. Rfd1 Qc7 10. h3 Bh5 11. Nh4 Bg6 12. Nxg6 hxg6 13. f4 b5 14. d5 b4 15. Na4
Nxe4 16. Qxb4 Nxg5 17. fxg5 cxd5 18. Rxd5 Qxc2 19. Bf3 Rab8 20. Qa5 Bxg5 21.
Qxa7 Nf6 22. Bd1 Nxd5 23. Bxc2 Be3+ 0-1

[Event "AUTO-MASTER-3222"]
[Site "http://www.queenalice.com/game.php?id=1853453"]
[Date "2025.3.7"]
[Round "2"]
[White "tariann"]
[Black "raulzampronha"]
[Result "0-1"]
[WhiteElo "2253"]
[BlackElo "2218"]

1. e4 c5 2. Nf3 e6 3. d4 cxd4 4. Nxd4 Nf6 5. Nc3 d6 6. Be2 Be7 7. O-O O-O 8. Bg5
a6 9. Qd2 Nbd7 10. Rad1 Qc7 11. f4 b5 12. Bf3 Bb7 13. f5 e5 14. Nb3 b4 15. Na4
Bxe4 16. Bxe4 Nxe4 17. Qe3 Nxg5 18. h4 Nh3+ 19. gxh3 Qc6 0-1

[Event "AUTO-MASTER-3222"]
[Site "http://www.queenalice.com/game.php?id=1853454"]
[Date "2025.3.7"]
[Round "2"]
[White "raulzampronha"]
[Black "tariann"]
[Result "1/2-1/2"]
[WhiteElo "2242"]
[BlackElo "2236"]

1. d4 d5 2. Nf3 Nf6 3. Bf4 Nc6 4. e3 Bg4 5. Be2 e6 6. O-O Bd6 7. Ne5 Bxe2 8.
Qxe2 O-O 9. Nd2 Bxe5 10. dxe5 Ne4 11. Nxe4 dxe4 12. f3 Qd5 13. Rfd1 Qc5 14. fxe4
Nxe5 15. b4 Qc3 16. Qd2 Qxd2 17. Rxd2 Nc4 18. Rd4 b5 19. Rd7 e5 20. Bg3 Rac8 21.
Kf2 f6 22. Ke2 Rf7 23. Rad1 Nd6 24. Rxf7 Kxf7 25. Kf3 Ke6 26. Be1 c5 27. bxc5
Rxc5 28. Bb4 Rc6 29. Rd5 1/2-1/2